Gazy szlachetne - Statystyki

Ogólne statystyki
  • Ten quiz został rozwiązany 6 878 razy
  • Średni wynik to 4 z 6
Statystyki odpowiedzi
# Symbol Pierwiastek % Poprawnych
2 He Hel
94%
10 Ne Neon
76%
18 Ar Argon
74%
54 Xe Ksenon
64%
36 Kr Krypton
46%
86 Rn Radon
30%
Nie znaleziono quizów pasujących do podanych kryteriów
Rozkład punktacji
Procent ludzi z każdym wynikiem
Percentyl według liczby udzielonych odpowiedzi
Twoja historia wyników
Nie rozwiązałeś tego quizu